000 01193nam a22002657a 4500
005 20170124102928.0
010 _aHN-068580
020 _c150.00
_a9788189982508
035 _aHN-068580
037 _bCen Lib/Ret
040 _aDPL
_bHN
082 _a425
_bतिवारी
100 _aतिवारी, भोलानाथ
_9111660
245 _aव्यवसायिक हिंदी /
_cभोलानाथ तिवारी [एवम] महेंद्र चतुवेदी
246 _aViyvasayik Hindi /
_bby Bholanath Tiwari [and] Mahender Chaturvedi
260 _aदिल्ली
_bआर्य प्रकाशन मंडल
_c2011
270 _aIX,221, सरस्वती भंडार , गांधीनगर
_bदिल्ली
_e110032
300 _a116पृ.
_c20सेमी(सजिल्द)
650 _aव्यवसायिक हिंदी
_9232
650 _aहिंदी भाषा
_9111661
650 _aProfessional Hindi
_9111662
650 _aHindi language
_99446
700 _aचतुवेदी, महेंद्र
_9111663
942 _2ddc
_cHN
_h425
_mतिवारी
999 _c111696
_d111696